Statistics for Countries containing deserts

Click here to take the quiz!

General Stats

  • This quiz has been taken 126 times
    (91 since last reset)
  • The average score is 53 of 67

Answer Stats

Answer% Correct
Algeria
94%
Egypt
94%
Iran
94%
Russia
94%
Saudi Arabia
94%
China
92%
Iraq
92%
Morocco
92%
India
90%
Mexico
90%
Oman
90%
United States
90%
Chad
88%
Israel
88%
Niger
88%
Pakistan
88%
Qatar
88%
South Africa
88%
Argentina
87%
Canada
87%
Libya
87%
Chile
85%
Ethiopia
85%
Jordan
85%
Kenya
85%
Mongolia
85%
Sudan
85%
Syria
85%
Tunisia
85%
Yemen
85%
Afghanistan
83%
Eritrea
83%
Kazakhstan
83%
Kyrgyzstan
83%
Mali
83%
Tajikistan
83%
Turkey
83%
Uzbekistan
83%
Australia
81%
Bahrain
81%
Turkmenistan
81%
United Arab Emirates
81%
Kuwait
79%
Mauritania
79%
Peru
79%
Somalia
79%
Brazil
75%
Djibouti
75%
Bolivia
73%
Botswana
73%
Namibia
73%
Senegal
73%
South Sudan
73%
Ecuador
71%
Tanzania
71%
Armenia
69%
Azerbaijan
69%
Nepal
69%
Spain
69%
Angola
67%
Colombia
67%
Zimbabwe
62%
Madagascar
58%
United Kingdom (Ascension Island)
58%
Mozambique
54%
Netherlands (Netherlands Antilles)
27%
Cape Verde
25%

Score Distribution

Percentile by Number Answered

Percent of People with Each Score

Your Score History

You have not taken this quiz since the last reset